| 000 | 00487nam a2200169Ia 4500 | ||
|---|---|---|---|
| 999 |
_c12633 _d12633 |
||
| 003 | OSt | ||
| 005 | 20201221115437.0 | ||
| 008 | 190216s9999||||xx |||||||||||||| ||und|| | ||
| 040 | _coclc | ||
| 082 |
_a828.9140808 _bSAC/T |
||
| 100 |
_aSatchidanandan, K _96203 |
||
| 245 | 0 |
_aTwentieth Century Prose / _cSachithanandan |
|
| 260 |
_bPragathi Prakashan, _a- _c- |
||
| 300 | _a176p | ||
| 650 | _aEnglish | ||
| 942 |
_cBK _2ddc _h828.9140808 _iSAC/T _k828.9140808 _mSAC/T |
||